000 00423nam a2200181Ia 4500
003 OSt
005 20230701122918.0
008 210423s9999 xx 000 0 und d
040 _cAL
041 _aeng
082 _a954
_223
_b LOOC
100 _aLOOMBA (Ania).
_9118942
245 _aColonialism /postcolonialism.
260 _c2007
365 _cINR
906 _a/postcolonialism. ; Colonialism
942 _2ddc
_cBK
999 _c174809
_d174809